000
00318nam a2200121Ia 4500
005
20251222155146.0
008
251222s9999||||xx |||||||||||||| ||spa||
082
_a
PED. 23
100
_a
Parke Davis (*).
245
0
_a
Notas Terapeuticas Ilustradas (2 Lb)
264
_b
Parque Davis
942
_c
LIB
999
_c
39378
_d
39378